NBA starting PG 2016-2017 - Statistics

General Stats
  • This quiz has been taken 353 times
  • The average score is 16 of 30
Answer Stats
Team Player % Correct
Gsw Curry
93%
Lac Paul
86%
Okc Westbrook
86%
Cle Irving
85%
Por Lillard
83%
Was Wall
78%
Bos Thomas
75%
Cha Walker
75%
Mem Conley
71%
Lal Russell
66%
Hou Harden
63%
Sas Parker
62%
Nyk Rose
62%
Phx Bledsoe
60%
No Holiday
59%
Mia Dragic
58%
Ind Teague
54%
Det Jackson
53%
Min Rubio
53%
Chi Rondo
52%
Utah Hill
40%
Dal Williams
38%
Brk Lin
35%
Orl Payton
33%
Tor Lowryy
29%
Sac Collison
23%
Den Mudiay
23%
Atl Schroeder
17%
Mil Dellavedova
12%
Phi Bayless
8%
No matching quizzes found
Score Distribution
Percent of People with Each Score
Percentile by Number Answered
Your Score History
You have not taken this quiz